Evaluación socioeconómica del proyecto caminero La Serena - Ovalle - Combarbalá - Illapel - Cabildo - La Ligua

Պահպանված է:
Մատենագիտական մանրամասներ
Հիմնական հեղինակ: Baraqui W., Jaime (Հեղինակ)
Ձևաչափ: Գիրք
Լեզու:իսպաներեն
Հրապարակվել է: Santiago Dirección de Planeamiento y Urbanismo 1968
Շարք:Publicaciones, 38
Խորագրեր:
Ցուցիչներ: Ավելացրեք ցուցիչ
Չկան պիտակներ, Եղեք առաջինը, ով նշում է այս գրառումը!

MARC

LEADER 00000nam a2200000 a 4500
001 UCU6296
003 CL-VaPUC
008 960614e19680000CL |||||||||||||||||spa|d
082 0 4 |a 625.7  |b BAR  |2 21 
100 0 |a Baraqui W., Jaime  |e author  |9 364491 
245 1 0 |a Evaluación socioeconómica del proyecto caminero La Serena - Ovalle - Combarbalá - Illapel - Cabildo - La Ligua 
300 |a 215 p 
942 |c BK 
945 |d 19960614 00:00:00  |a paguirre 
260 |a Santiago  |b Dirección de Planeamiento y Urbanismo  |c 1968 
650 0 |a Carreteras  |9 260132 
650 0 |a Construcción de carreteras  |9 260999 
650 0 |a Obras públicas  |9 261125 
650 0 |a Ingeniería civil  |9 260076 
651 0 |a La Serena  |9 313924 
651 0 |a Ovalle  |9 265538 
651 7 |a COMBARBALA  |2 CL-VaPUC  |9 364492 
651 7 |a ILLAPEL  |2 CL-VaPUC  |9 364493 
651 7 |a CABILDO  |2 CL-VaPUC  |9 364494 
651 7 |a LA LIGUA  |2 CL-VaPUC  |9 364495 
583 |a last modification  |c 20121207 08:10:49  |k Rodrigo Vera 
490 0 |a Publicaciones, 38 
999 |c 249292  |d 249290 
952 |0 0  |1 0  |4 0  |6 625_700000000000000_BAR_1968  |7 0  |8 A  |9 266478  |a BIBING  |b BIBING  |d 2019-11-19  |i 1683403  |o 625.7 BAR 1968  |p 1683403  |r 2025-01-20  |w 2019-11-19  |y BK  |k TRA 
952 |0 0  |1 0  |4 0  |6 625_700000000000000_BAR_1968  |7 0  |8 A  |9 266479  |a BIBING  |b BIBING  |d 2019-11-19  |i 168373K  |o 625.7 BAR 1968  |p 168373K  |r 2025-01-20  |w 2019-11-19  |y BK  |k TRA